Sport U.S.A. (Record no. 148003)

MARC details
000 -LEADER
campo de control de longitud fija 00497nam a2200157 4500
001 - NÚMERO DE CONTROL
campo de control 148003
003 - IDENTIFICADOR DE NÚMERO DE CONTROL
campo de control ES-MaACL
005 - FECHA Y HORA DE LA ÚLTIMA TRANSACCIÓN
campo de control 20230906202358.0
007 - CAMPO FIJO DE DESCRIPCIÓN FÍSICA--INFORMACIÓN GENERAL
campo de control de longitud fija t|
008 - DATOS DE LONGITUD FIJA--INFORMACIÓN GENERAL
campo de control de longitud fija 070214s1961 xxu r ||||1| eng d
245 00 - MENCIÓN DEL TÍTULO
Título Sport U.S.A.
Resto del título : the best from The Saturday Evening Post /
Mención de responsabilidad, etc. edited by Harry T. Paxton.
260 ## - PUBLICACIÓN, DISTRIBUCIÓN, ETC.
Lugar de publicación, distribución, etc. New York :
Nombre del editor, distribuidor, etc. Thomas Nelson and Sons,
Fecha de publicación, distribución, etc. 1961.
300 ## - DESCRIPCIÓN FÍSICA
Extensión X, 463 p., 8 lám. :
Otras características físicas il. ;
Dimensiones 26 cm.
700 1# - ENTRADA AGREGADA--NOMBRE PERSONAL
Nombre de persona Paxton, Harry T.
9 (RLIN) 89702
852 ## - LOCALIZACIÓN
Ubicación ES-MaACL
Número de control de estantería C-23995
Sublocalización o colección R.52917
Holdings
Estatus retirado Estado de pérdida Estado de daño No para préstamo Biblioteca de origen Biblioteca actual Ubicación en estantería Fecha de adquisición Fuente de adquisición Total de préstamos Signatura topográfica completa Código de barras Visto por última vez Precio de reemplazo Tipo de ítem Koha
        Biblioteca del Ateneo de Madrid Biblioteca del Ateneo de Madrid Depósito 2 17/01/2008     C-23995 1154457 23/02/2023 23/02/2023 Libro impreso